000 01031 a2200169 4500
020 _a9789968470479
082 _a801.952
_bC1466t
100 _aCalderon, Juan Carlos
_9286
110 _aUniversidad de Costa Rica
_9287
245 _aTeatro Girasol
_b15 aǫs de trabajo creativo
260 _aCosta Rica
_bUniversidad de Costa Rica
_c2008
300 _a121 p
_bill (some color)
_c16.4 cm
505 _tGirasol: un espectaculo con la vida
_tObjetivos y metodologia
_tAntecedentes 1997-2007
_tTeatro Girasol y su repertorio
_tTeatro Girasol en numeros
_tLos ausentes
_tLista de integrantes del Teatro Girasol
_tAgradecimientos
_tLos Juankas
_tLos integrantes del Teatro Girasol opinan
_tAfiches del Teatro Girasol
_tProgramas de mano, desplegables y separadores
_tPrimera Jornada de teatros Universitarios Estudiantiles
_tSinopsis de los principales montajes del Teatro Girasol
_tSobre el Fundador y Director
_tBibliografia
650 _xTeatro costarricense-historia
_9288
700 _aJuan Carlos Calderon
_9289
710 _aUniversidad de Costa Rica
_9290
999 _c52
_d52